Corrosion engineering (Record no. 1267)

000 -LEADER
fixed length control field 00569nam a22002177a 4500
001 - CONTROL NUMBER
control field 1267
003 - CONTROL NUMBER IDENTIFIER
control field BD-DhUET
008 - FIXED-LENGTH DATA ELEMENTS--GENERAL INFORMATION
fixed length control field 140902b xxu||||| |||| 00| 0 eng d
020 ## - INTERNATIONAL STANDARD BOOK NUMBER
International Standard Book Number 9789848725085
040 ## - CATALOGING SOURCE
Transcribing agency 0
Modifying agency BD-DhUET
082 ## - DEWEY DECIMAL CLASSIFICATION NUMBER
Classification number 620.1122
Item number NOO/2009
100 ## - MAIN ENTRY--PERSONAL NAME
Personal name Nooruddin Ahmed
245 ## - TITLE STATEMENT
Title Corrosion engineering
Remainder of title an introductory text
250 ## - EDITION STATEMENT
Edition statement 1st ed.
260 ## - PUBLICATION, DISTRIBUTION, ETC. (IMPRINT)
Place of publication, distribution, etc. Dhaka
Name of publisher, distributor, etc. N. Ahmed and I. Mahmud
Date of publication, distribution, etc. 2009
300 ## - PHYSICAL DESCRIPTION
Extent xviii, 261 p.
504 ## - BIBLIOGRAPHY, ETC. NOTE
Bibliography, etc Includes bibliographies
650 #0 - SUBJECT ADDED ENTRY--TOPICAL TERM
Topical term or geographic name as entry element Corrosion and anti-Corrosion
700 ## - ADDED ENTRY--PERSONAL NAME
Personal name Iqbal Mahmud
942 ## - ADDED ENTRY ELEMENTS (KOHA)
Koha item type General Book
Holdings
Lost status Withdrawn status Not for loan Damaged status Koha item type Location (home branch) Source of classification or shelving scheme Sublocation or collection (holding branch) Koha normalized classification for sorting Price effective from Copy number Koha full call number Shelving location Koha issues (times borrowed) Date acquired Koha date last seen Piece designation (barcode) Koha date last borrowed
    General BookCentral Library, BUET Central Library, BUET620_000000000000000_1122NOO2002014-09-028620.1122/NOO/2009Circulation section22014-09-022021-08-281075132021-08-28
    General BookCentral Library, BUET Central Library, BUET620_000000000000000_1122NOO2002014-09-028620.1122/NOO/2009Circulation section252014-09-022021-09-061075072021-09-06
    General BookCentral Library, BUET Central Library, BUET620_000000000000000_1122NOO2002014-09-028620.1122/NOO/2009Circulation section12014-09-022021-08-281075082021-08-28
    General BookCentral Library, BUET Central Library, BUET620_000000000000000_1122NOO2002014-09-02 620.1122/NOO/2009Circulation section12014-09-022021-08-281075062021-08-28
    General BookCentral Library, BUET Central Library, BUET620_000000000000000_1122NOO2002014-09-02 620.1122/NOO/2009Circulation section12014-09-022021-08-281075122021-08-28
    General BookCentral Library, BUET Central Library, BUET620_000000000000000_1122NOO2002014-09-02 620.1122/NOO/2009Circulation section52014-09-022026-05-191075092025-12-01
    General BookCentral Library, BUET Central Library, BUET620_000000000000000_1122NOO2002014-09-02 620.1122/NOO/2009Circulation section382014-09-022024-10-211075052024-10-21
    General BookCentral Library, BUET Central Library, BUET620_000000000000000_1122NOO2002014-09-02 620.1122/NOO/2009Circulation section12014-09-022021-08-281075112021-08-28
    General BookCentral Library, BUET Central Library, BUET620_000000000000000_1122NOO2002014-09-02 620.1122/NOO/2009Circulation section12014-09-022021-08-281075042021-08-28
    General BookCentral Library, BUET Central Library, BUET620_112200000000000_NOO_20092018-04-281620.1122/NOO/2009Circulation section12010-01-132021-08-281075102021-08-28